Statistics for Countries by apple production

Click here to take the quiz!

General Stats

  • This quiz has been taken 34 times
  • The average score is 6 of 10

Answer Stats

HintAnswer% Correct
4,467United States
100%
2,216Russia
91%
45,983China
88%
1,633France
78%
2,212Italy
72%
2,276India
63%
4,067Poland
47%
4,493Turkey
41%
1,557Chile
31%
2,241Iran
31%

Score Distribution

Percentile by Number Answered

Percent of People with Each Score

Your Score History

You have not taken this quiz